Análisis estructural

محفوظ في:
التفاصيل البيبلوغرافية
المؤلف الرئيسي: González Cuevas, Oscar Manuel (مؤلف)
التنسيق: كتاب
اللغة:الإسبانية
منشور في: Ciudad de México Limusa 2006
الموضوعات:
الوسوم: إضافة وسم
لا توجد وسوم, كن أول من يضع وسما على هذه التسجيلة!

MARC

LEADER 00000cam a2200000 a 4500
001 UCI1986
003 CL-VaPUC
008 070727e20060000MX |||||||||||||||||spa|d
020 |a 9789681860035 
082 0 4 |a 624.171  |b GON  |2 21 
100 |a González Cuevas, Oscar Manuel  |e author  |9 553533 
245 1 0 |a Análisis estructural 
300 |a 583 p 
942 |c BK 
945 |d 20070727 00:00:00  |a jtorresc 
260 |a Ciudad de México  |b Limusa  |c 2006 
650 0 |a Análisis estructural   |9 260661 
650 0 |a Elementos estructurales  |9 350100 
650 0 |a Propiedades mecánicas   |9 262507 
650 7 |a INGENIERIA CIVIL ESTRUCTURAL  |2 CL-VaPUC  |9 470811 
583 |a last modification  |c 20170308 05:53:37  |k Rodrigo Vera 
999 |c 326652  |d 326650 
952 |0 0  |1 0  |2 ddc  |4 0  |6 624_171000000000000_GON_2006  |7 0  |8 A  |9 408687  |a BIBING  |b BIBING  |c RES  |d 2019-11-22  |i 435964K  |o 624.171 GON 2006  |p 435964K  |r 2025-01-20  |w 2019-11-22  |y BK  |k CIC 
952 |0 0  |1 0  |2 ddc  |3 erb  |4 0  |6 624_171000000000000_GON_2006  |7 0  |8 A  |9 408688  |a BIBING  |b BIBING  |c RES  |i 5364051  |o 624.171 GON 2006  |p 5364051  |r 2025-01-20  |w 2019-11-22  |y BK  |z Catalogado en:20170309  |k CIC 
952 |0 0  |1 0  |2 ddc  |3 erb  |4 0  |6 624_171000000000000_GON_2006  |7 0  |8 A  |9 408689  |a BIBING  |b BIBING  |c RES  |i 5364043  |o 624.171 GON 2006  |p 5364043  |r 2025-01-20  |w 2019-11-22  |y BK  |z Catalogado en:20170309  |k CIC 
952 |0 0  |1 0  |2 ddc  |3 erb  |4 0  |6 624_171000000000000_GON_2006  |7 0  |8 A  |9 408690  |a BIBING  |b BIBING  |c RES  |i 5364035  |o 624.171 GON 2006  |p 5364035  |r 2025-01-20  |w 2019-11-22  |y BK  |z Catalogado en:20170309  |k CIC 
952 |0 0  |1 0  |2 ddc  |3 erb  |4 0  |6 624_171000000000000_GON_2006  |7 0  |8 A  |9 408691  |a BIBING  |b BIBING  |c RES  |i 5364027  |o 624.171 GON 2006  |p 5364027  |r 2025-01-20  |w 2019-11-22  |y BK  |z Catalogado en:20170309  |k CIC 
952 |0 0  |1 0  |2 ddc  |3 erb  |4 0  |6 624_171000000000000_GON_2006  |7 0  |8 A  |9 408692  |a BIBING  |b BIBING  |c RES  |i 536406K  |o 624.171 GON 2006  |p 536406K  |r 2025-01-20  |w 2019-11-22  |y BK  |z Catalogado en:20170309  |k CIC